Entry Nombre personal
001 - NÚMERO DE CONTROL
- campo de control: 128452
003 - IDENTIFICADOR DE NÚMERO DE CONTROL
- campo de control: SpMaBN
005 - FECHA Y HORA DE LA ÚLTIMA TRANSACCIÓN
- campo de control: 20250702170010.0
008 - ELEMENTOS DE DATO DE LONGITUD-FIJA
- campo de control de longitud fija: 920725nn ainnnaabn a aaa
016 ## - NÚMERO DE CONTROL DE UNA AGENCIA BIBLIOGRÁFICA NACIONAL
- Número de control del registro: BNE19985035306
024 7# - IDENTIFICADOR DE OTROS ESTÁNDARES
- Número estándar o código: http://viaf.org/viaf/5074884/
- Fuente: viaf
024 7# - IDENTIFICADOR DE OTROS ESTÁNDARES
- Número estándar o código: https://isni.org/isni/000000012118779X
- Fuente: isni
024 7# - IDENTIFICADOR DE OTROS ESTÁNDARES
- Número estándar o código: http://www.wikidata.org/entity/Q65958
- Fuente: wikidata
040 ## - FUENTE DE CATALOGACIÓN
- Centro catalogador/agencia de origen: SpMaBN
- Lengua de catalogación: spa
- Centro/agencia transcriptor: SpMaBN
- Normas de descripción: rdc
- Convención/Normas de encabezamiento de materia/tesauro: embne
046 ## - FECHAS CON CODIFICACIÓN ESPECIAL
- Fecha de nacimiento: 1818
- Fecha de la muerte: 1899
100 1# - ENCABEZAMIENTO-NOMBRE DE PERSONA
- Nombre de persona: Kiepert, Heinrich,
- Fechas asociadas al nombre: 1818-1899
370 ## - LUGAR ASOCIADO
- Lugar de nacimiento: Berlín
- Número de control del registro de autoridad o número normalizado: XX451163
- Fuente de información: Wikidata
373 ## - GRUPO ASOCIADO
- Grupo asociado: Academia de las ciencias de Turín
- Grupo asociado: Academia Austríaca de Ciencias
- Grupo asociado: Academia Prusiana de las Ciencias
- Fuente de información: Wikidata
374 ## - OCUPACIÓN
- Ocupación: Profesores
- Ocupación: Cartógrafos
- Ocupación: Geógrafos
- Fuente de información: Wikidata
375 ## - GÉNERO/SEXO
- Género: Masculino
- Fuente de información: Wikidata
377 ## - IDIOMA ASOCIADO
- Término de lengua/lenguaje: Alemán
- Término de lengua/lenguaje: Latín
400 1# - TRAZADO DE VÉASE--NOMBRE DE PERSONA
- Nombre de persona: Kiepert, H.,
- Fechas asociadas al nombre: 1818-1899
670 ## - FUENTE DE DATOS ENCONTRADOS
- Cita de la fuente: Atlas antiquus, 2007
- Información encontrada: port. (Heinrich Kiepert)
670 ## - FUENTE DE DATOS ENCONTRADOS
- Cita de la fuente: Erläuterungen zu der dem Werke Reisen in Lykien und Karien, 1884
- Información encontrada: port. (beigefügten Specialkarte von H. Kiepert)
670 ## - FUENTE DE DATOS ENCONTRADOS
- Cita de la fuente: WWW DNB, 06-05-2013
- Información encontrada: (Kiepert, Heinrich, 1818-1899; geógrafo y cartógrafo)
